Statistics for FIFA 23 RANDOM PLAYERS COUNTRY QUIZ #11

Click here to take the quiz!

General Stats

  • This quiz has been taken 19 times
  • The average score is 14 of 20

Answer Stats

HintAnswer% Correct
Kevin De BruyneBelgium
100%
Emilio ButragueñoSpain
94%
Presnel KimpembeFrance
88%
Timo WernerGermany
88%
RivaldoBrazil
81%
Jonathan TahGermany
81%
JorginhoItaly
81%
Youssef En-NesyriMorocco
81%
Marc BartraSpain
81%
Adama TraoréSpain
75%
Dejan KulusevskiSweden
75%
Joakim MæhleDenmark
69%
Nicolás GonzálezArgentina
63%
Juan MussoArgentina
63%
Álvaro MedránSpain
56%
Cameron Carter-VickersUSA
56%
Emmanuel GyasiGhana
44%
Philip BillingDenmark
38%
Scott TwineEngland
38%
Cedric IttenSwitzerland
31%

Score Distribution

Percentile by Number Answered

Percent of People with Each Score

Your Score History

You have not taken this quiz